The impact of Airbnb on the hotel industry Explained with examples in the Budapest market

Bibliográfiai részletek
Szerző: Nagy Ildikó
További közreműködők: Kormány Balázs
Dokumentumtípus: Diplomadolgozat
Kulcsszavak:Airbnb
Accomodation
Sharing economy
Online Access:http://dolgozattar.uni-bge.hu/11096

MARC

LEADER 00000nta a2200000 i 4500
001 dolg11096
005 20180919143731.0
008 170511suuuu hu om 000 eng d
040 |a BGE Dolgozattár Repozitórium  |b hun 
041 |a en 
100 1 |a Nagy Ildikó 
245 1 4 |a The impact of Airbnb on the hotel industry Explained with examples in the Budapest market  |c Nagy Ildikó  |h [elektronikus dokumentum] 
695 |a Airbnb 
695 |a Accomodation 
695 |a Sharing economy 
700 1 |a Kormány Balázs  |e ths 
856 4 0 |u http://dolgozattar.uni-bge.hu/11096/1/vegleges_dolgozat.pdf  |z Dokumentum-elérés